Spider-Man Villains - Statistics

General Stats
  • This quiz has been taken 50 times
  • The average score is 15 of 20
Answer Stats
Picture Answer % Correct
Sand-Man
100%
Doctor Octopus
98%
Green Goblin
98%
Vulture
98%
Electro
96%
Mysterio
96%
Venom
96%
Carnage
93%
Kraven the Hunter
91%
Scorpion
87%
Spot
84%
Shocker
82%
Hydro-Man
71%
Chameleon
62%
Jack O' Lantern
58%
Beetle
51%
Molten-Man
49%
Swarm
40%
Sin-Eater
18%
Overdrive
13%
No matching quizzes found
Score Distribution
Percent of People with Each Score
Percentile by Number Answered
Your Score History
You have not taken this quiz